Statistics for Our Solar System (Photos)

Click here to take the quiz!

General Stats

  • This quiz has been taken 50 times
  • The average score is 10 of 11

Answer Stats

Answer% Correct
Earth
100%
Jupiter
100%
Saturn
100%
Neptune
95%
Uranus
95%
Mars
93%
Sun
93%
Mercury
90%
The Moon
88%
Pluto
85%
Venus
85%

Score Distribution

Percentile by Number Answered

Percent of People with Each Score

Your Score History

You have not taken this quiz